000 002780000a22000970004500
100 1 _aConferencia Misionológica de Cali
245 1 0 _aEvangélicos ante el Quinto Centenario
300 _aVol. 11, Num 2 (Abril-Junio, 1992) Páginas 30
773 0 _tIglesia y Misión
942 _cANA
999 _c51962
_d51962